|
|
|
|
| LEADER |
00681nam a2200193 a 4500 |
| 001 |
012629580 |
| 008 |
090702s1976 enka 001 0 eng d |
| 020 |
|
|
|a 0237450151
|
| 040 |
|
|
|a Uk
|c Uk
|
| 082 |
0 |
4 |
|a 745.5
|2 19
|
| 245 |
0 |
4 |
|a The A-Z of handicrafts.
|
| 260 |
|
|
|a London :
|b Octopus Books,
|c 1976.
|
| 300 |
|
|
|a 128p. :
|b ill(chiefly col) ;
|c 30cm.
|
| 504 |
|
|
|a Includes index.
|
| 541 |
1 |
|
|e 00000573
|
| 650 |
0 |
|
|a Handicraft.
|
| 852 |
4 |
|
|a Ayesha Abed Library
|j General Shelf.
|
| 999 |
|
|
|c 2103
|d 2103
|
| 952 |
|
|
|0 0
|1 0
|2 ddc
|4 0
|6 745_500000000000000_AZO_1976
|7 0
|9 1935
|a BRACUL
|b BRACUL
|c GEN
|d 2009-07-07
|g 350.00
|l 5
|m 12
|o 745.5 AZO
|p 3010000573
|r 2019-11-19
|s 2019-11-12
|t 1
|v 700.00
|w 2009-07-07
|y BK
|